Transactions.

Պահպանված է:
Մատենագիտական մանրամասներ
Համատեղ հեղինակ: International Congress of Plastic and Reconstructive Surgery, 5th, Melbourne
Այլ հեղինակներ: Hueston, J. T. (John Turner) (ed.)
Ձևաչափ: Գիտաժողովի նյութեր Գիրք
Լեզու:English
Հրապարակվել է: [Sydney] Butterworths, 1971.
Խորագրեր:
LEADER 01014nam a2200277 4500
001 c000037376
003 CARM
005 00000000000000.0
008 730920s1971 at ac b 10000 eng
015 |a Aus 
019 1 |a 396095  |5 LACONCORD2021 
020 |a 0409472522 
035 |a (OCoLC)2177488  |5 LACONCORD2021 
042 |a anuc 
050 0 0 |a RD118.A1  |b I58 1971 
111 2 0 |a International Congress of Plastic and Reconstructive Surgery,  |b 5th,  |c Melbourne,  |d 1971. 
245 0 0 |a Transactions.  |c Editor: J. T. Hueston. 
260 |a [Sydney]  |b Butterworths,  |c 1971. 
300 |a 1300 p.  |b illus., port., diagrs.  |c 26 cm. 
504 |a Includes bibliographies. 
650 0 |a Surgery, Plastic  |x Congresses. 
700 1 |a Hueston, J. T.  |q (John Turner)  |e ed. 
852 8 |b CARM  |h A2:AD22C0  |i C00082  |p 0004027  |f BK 
082 0 4 |a 617/.95 
999 f f |i 9054fcfe-167e-5ea0-8137-34605152d7e8  |s 6ad1f36d-a3f9-5ef7-93ee-2b088e3d889b 
952 f f |p Can circulate  |a CAVAL  |b CAVAL  |c CAVAL  |d CARM 1 Store  |e C00082  |f A2:AD22C0  |h Other scheme  |i book  |m 0004027